Power System Engineering (Record no. 5037)

MARC details
000 -LEADER
fixed length control field 00400nam a22001577a 4500
005 - DATE AND TIME OF LATEST TRANSACTION
control field 20210930152758.0
008 - FIXED-LENGTH DATA ELEMENTS--GENERAL INFORMATION
fixed length control field 160701b xxu||||| |||| 00| 0 eng d
041 ## - LANGUAGE CODE
Language code of text/sound track or separate title eng
082 ## - DEWEY DECIMAL CLASSIFICATION NUMBER
Item number 20290
100 ## - MAIN ENTRY--AUTHOR NAME
Personal name A Chakrabarti Soni M.L and Gupta P.V
245 ## - TITLE STATEMENT
Title Power System Engineering
260 ## - PUBLICATION, DISTRIBUTION, ETC. (IMPRINT)
Name of publisher Dhanpat rai & sons
Year of publication 2013
300 ## - PHYSICAL DESCRIPTION
Number of Pages 837
650 ## - SUBJECT ADDED ENTRY--TOPICAL TERM
Topical Term Diploma Engineering
942 ## - ADDED ENTRY ELEMENTS (KOHA)
Koha item type Books
Holdings
Lost status Damaged status Collection code Home library Current library Shelving location Date acquired Cost, normal purchase price Full call number Accession Number Koha item type
    Reference JRU Library   SHELF-72-C 01/07/2016 435.00 20290 20290 Books
      JRU Library   SHELF-36-D 01/07/2016 435.00 20290 20291 Books
      JRU Library   SHELF-36-D 01/07/2016 435.00 20290 20292 Books
      JRU Library   SHELF-36-D 01/07/2016 435.00 20290 20293 Books
      JRU Library   SHELF-36-D 01/07/2016 435.00 20290 20294 Books